Cao Bá Quát con người và tư tưởng /
Đã lưu trong:
| Príomhúdar: | |
|---|---|
| Formáid: | Sách giấy |
| Teanga: | Vietnamese |
| Foilsithe: |
H. :
Khoa học xã hội,
1980.
|
| Clibeanna: |
Cuir Clib Leis
Gan Chlibeanna, Bí ar an gcéad duine leis an taifead seo a chlibeáil!
|
| Thư viện lưu trữ: | Thư viện Trường Đại học Đà Lạt |
|---|
| LEADER | 00641nam a2200277 4500 | ||
|---|---|---|---|
| 001 | DLU140159324 | ||
| 005 | ##20141024 | ||
| 040 | # | # | |a DLU |b vie |
| 041 | # | # | |a vie |
| 044 | # | # | |a vn |
| 082 | # | # | |a 923.1 |b HO-E |
| 100 | # | # | |a Nguyễn Tài Thư. |
| 245 | # | # | |a Cao Bá Quát con người và tư tưởng / |c Nguyễn Tài Thư. |
| 260 | # | # | |a H. : |b Khoa học xã hội, |c 1980. |
| 300 | # | # | |a 220 tr. ; |c 19 cm. |
| 923 | # | # | |a TL |
| 991 | # | # | |a SH |
| 992 | # | # | |a 2,80 |
| 994 | # | # | |a DLU |
| 900 | # | # | |a True |
| 911 | # | # | |a Nguyễn Thị Mai Anh |
| 925 | # | # | |a G |
| 926 | # | # | |a A |
| 927 | # | # | |a SH |
| 980 | # | # | |a Thư viện Trường Đại học Đà Lạt |